00661nam a2200181Ia 4500999001700000082001600017100001700033245007200050250000800122260005300130300001500183504001900198650005800217650003100275650005700306942001200363952010400375 c11101d11101 a010.1 HUR-; aHurt, Peyton 0aBibliography and footnotes: a style manual for students and writers a3rd aCaliforniabUniversity of California Pressc1968 axii, 163p. aIncludes index aBibliography - Methodology - Handbooks, manuals, etc. aFootnotes, Bibliographical aBibliographical citations - Handbooks, manuals, etc. cBK2ddc 00104070aNASSDOCbNASSDOCd2004-06-08l0o010.1 HUR-;p5294r2019-04-18 00:00:00w2019-04-18yBK